000 01287cam a22003254a 4500
090 _c0
001 12203970
005 20060807205029.0
008 001017s2001 nyu b 001 0 eng
010 _a 00051737
020 _a0415927110
020 _a0415927102
040 _aDLC
_cDLC
_dDLC
042 _apcc
043 _an-us---
050 0 0 _aHV6626.2
_b.R87 2001
082 0 0 _a362.82920973
_221
_bRUS
100 1 _aRusso, Ann,
_d1957-
245 1 0 _aTaking Back our Lives :
_bA call to action for the feminist movement /
_cAnn Russo.
260 _aNew York :
_bRoutledge,
_cc2001.
300 _ax, 261 p. ;
_c24 cm.
504 _aIncludes bibliographical references and index.
650 0 _aAbused women
_zUnited States.
650 0 _aSexual abuse victims
_zUnited States.
650 0 _aFeminism
_zUnited States.
856 4 2 _3Publisher description
_uhttp://www.loc.gov/catdir/enhancements/fy0651/00051737-d.html
942 _2ddc
_cBB
999 _c10529
_d10529